[Event "Nordsjalland Weekend Gr 1"]
[Site "Allerod"]
[Date "2020.01.05"]
[Round "5"]
[White "Meskenas, Paulius"]
[Black "Grau, Peter"]
[Result "1/2-1/2"]
[WhiteElo "1952"]
[BlackElo "2029"]
[PlyCount "29"]
[EventDate "2020.01.03"]
[EventType "tourn"]
[EventRounds "5"]
[EventCountry "DEN"]
[SourceTitle "EXT 2021"]
[Source "ChessBase"]
[SourceDate "2020.10.23"]
[SourceVersion "1"]
[SourceVersionDate "2020.10.23"]
[SourceQuality "1"]

1. e4 e5 2. Nf3 Nc6 3. d4 exd4 4. Nxd4 Nf6 5. Nxc6 bxc6 6. Bd3 d5 7. exd5 cxd5 8. 0-0 Be7 9. Bg5 0-0 10. Nc3 c6 11. Ne2 Re8 12. Nd4 Qc7 13. Re1 Bg4 14. Qd2 Rac8 15. Nf5 1/2-1/2

[Event "Nordsjalland Weekend Gr 1"]
[Site "Allerod"]
[Date "2020.01.04"]
[Round "2"]
[White "Grau, Peter"]
[Black "Kokfelt, Thomas Find"]
[Result "0-1"]
[WhiteElo "2029"]
[BlackElo "1935"]
[PlyCount "82"]
[EventDate "2020.01.03"]
[EventType "tourn"]
[EventRounds "5"]
[EventCountry "DEN"]
[SourceTitle "EXT 2021"]
[Source "ChessBase"]
[SourceDate "2020.10.23"]
[SourceVersion "1"]
[SourceVersionDate "2020.10.23"]
[SourceQuality "1"]

1. e4 c5 2. Nf3 e6 3. d4 cxd4 4. Nxd4 Nc6 5. Nb5 d6 6. c4 Nf6 7. N1c3 a6 8. Na3 Be7 9. Be2 0-0 10. 0-0 b6 11. Nc2 Qc7 12. Bf4 Rd8 13. Qd2 Nd7 14. Rac1 Nde5 15. Bg3 Na5 16. b3 Bb7 17. Kh1 Rac8 18. Ne3 Ba8 19. Rfd1 Qb7 20. Qb2 Bf6 21. f4 Ng6 22. Bf3 Qe7 23. Qf2 b5 24. Ng4 Bxc3 25. Rxc3 bxc4 26. Qb6 Qc7 27. Qxc7 Rxc7 28. f5 exf5 29. exf5 Bxf3 30. gxf3 Nf8 31. Rxd6 Rxd6 32. Bxd6 Rd7 33. Bb4 Rd1+ 34. Kg2 Rd2+ 35. Kg3 Rxa2 36. bxc4 Nc6 37. Bd6 Rd2 38. Bf4 Re2 39. Ne3 Nd4 40. Rd3 Rxe3 41. Bxe3 Nxf5+ 0-1

[Event "DEN-chT2 Gr2"]
[Site "Denmark"]
[Date "2019.03.10"]
[Round "7"]
[White "Grau, Peter"]
[Black "Nielsen, Jan Mose"]
[Result "1-0"]
[WhiteElo "2024"]
[BlackElo "2080"]
[PlyCount "113"]
[EventDate "2018.10.28"]
[EventType "team-tourn"]
[EventRounds "7"]
[EventCountry "DEN"]
[SourceTitle "EXT 2025"]
[Source "ChessBase"]
[SourceDate "2024.10.14"]
[SourceVersion "1"]
[SourceVersionDate "2024.10.14"]
[SourceQuality "1"]
[WhiteTeam "Laseforeningen"]
[BlackTeam "Tastrup"]
[WhiteTeamCountry "DEN"]
[BlackTeamCountry "DEN"]

1. e4 c5 2. Nf3 d6 3. d4 cxd4 4. Nxd4 Nf6 5. Nc3 g6 6. Be3 a6 7. f3 Bg7 8. Qd2 Nbd7 9. Bc4 b5 10. Bb3 Bb7 11. h4 Nc5 12. h5 Nxb3 13. axb3 Nxh5 14. Rxh5 gxh5 15. Nf5 Bxc3 16. bxc3 Qc7 17. Ng7+ Kd7 18. 0-0-0 Rhg8 19. Nf5 Rg6 20. Kb2 Rag8 21. Qf2 Rf6 22. Ng3 Rfg6 23. Nf5 Rf6 24. Qh4 Rxf5 25. Qh3 Ke8 26. exf5 Qd7 27. Rd2 Bc8 28. g4 Qc6 29. Rf2 b4 30. cxb4 Qd5 31. c3 Kd8 32. Bb6+ Kd7 33. Qxh5 f6 34. Qh6 Bb7 35. Qe3 Rg7 36. Ba5 Ke8 37. Qh6 Rf7 38. Bb6 Qd1 39. Qe3 Qd5 40. Bd4 Kd8 41. c4 Qc6 42. Bc3 Bc8 43. Rd2 Rg7 44. Rd5 Rg5 45. b5 axb5 46. Rxb5 h5 47. Rb6 Qd7 48. Qe4 hxg4 49. fxg4 Qc7 50. Rb5 Qd7 51. Bd4 Rg8 52. Rb8 Ke8 53. Bxf6 Kf7 54. Bd4 d5 55. cxd5 Qc7 56. Qe6+ Bxe6 57. dxe6# 1-0

[Event "Skjold Burne Hillerod op"]
[Site "Hillerod"]
[Date "2018.10.09"]
[Round "5"]
[White "Grau, Peter"]
[Black "Lavrsen, Frands Winther"]
[Result "1-0"]
[WhiteElo "2055"]
[BlackElo "1753"]
[PlyCount "133"]
[EventDate "2018.09.25"]
[EventType "swiss"]
[EventRounds "7"]
[EventCountry "DEN"]
[SourceTitle "EXT 2020"]
[Source "ChessBase"]
[SourceDate "2019.10.17"]
[SourceVersion "1"]
[SourceVersionDate "2019.10.17"]
[SourceQuality "1"]

1. e4 Nc6 2. Nf3 Nf6 3. e5 Ng4 4. d4 d6 5. h3 Nh6 6. exd6 Qxd6 7. Be2 Bf5 8. 0-0 0-0-0 9. c3 e5 10. Be3 Be7 11. Nbd2 Qg6 12. Nxe5 Nxe5 13. dxe5 Bxh3 14. Bf3 a6 15. Bxb7+ Kxb7 16. Qf3+ Kb8 17. Qxh3 Ng4 18. Rfe1 Rd3 19. Nc4 Bc5 20. Qg3 Qe6 21. Qf4 Nxe3 22. Nxe3 Rhd8 23. Nc4 g5 24. Qe4 f5 25. exf6 Qxf6 26. Rf1 h5 27. Rae1 g4 28. Na5 Qb6 29. Nc6+ Kc8 30. b4 Bxf2+ 31. Rxf2 Rd2 32. Qe6+ R8d7 33. Ne7+ Kb7 34. Qxb6+ cxb6 35. Nf5 R2d3 36. c4 Rc3 37. Rf4 Rc2 38. a4 Ra2 39. Kh2 Rxa4 40. Rd4 Rxd4 41. Nxd4 Rxb4 42. Re7+ Kc8 43. Nf5 a5 44. Nd6+ Kb8 45. Kg3 a4 46. Kh4 a3 47. Re8+ Kc7 48. Nb5+ Kd7 49. Ra8 Rxc4 50. Ra7+ Kc6 51. Nxa3 Rc5 52. Rh7 Ra5 53. Rh6+ Kb7 54. Nc4 Ra2 55. Rxb6+ Kc7 56. Rb2 Ra4 57. Rc2 Ra8 58. Kxh5 Rg8 59. Rd2 g3 60. Ne5 Re8 61. Ng4 Kc6 62. Kh4 Ra8 63. Kxg3 Rg8 64. Kf4 Rf8+ 65. Ke4 Re8+ 66. Ne5+ Kc7 67. g4 1-0

[Event "DEN-ch1A"]
[Site "Helsingor"]
[Date "2013.03.24"]
[Round "2"]
[White "Sigeman, Johan"]
[Black "Grau, Peter"]
[Result "1/2-1/2"]
[WhiteElo "2161"]
[BlackElo "2074"]
[PlyCount "38"]
[EventDate "2013.03.23"]
[EventType "swiss"]
[EventRounds "5"]
[EventCountry "DEN"]
[SourceTitle "EXT 2014"]
[Source "ChessBase"]
[SourceDate "2013.11.20"]
[SourceVersion "1"]
[SourceVersionDate "2013.11.20"]
[SourceQuality "1"]

1. c4 e5 2. Nc3 Nf6 3. Nf3 Nc6 4. e3 Bb4 5. Nd5 Bc5 6. d4 exd4 7. exd4 Nxd5 8. cxd5 Bb4+ 9. Bd2 Qe7+ 10. Be2 Nd8 11. 0-0 0-0 12. Bg5 Qe4 13. a3 Bd6 14. Bc4 f6 15. Re1 Qg4 16. Bh4 Nf7 17. Qd3 Qh5 18. Bb3 b6 19. Bg3 Bb7 1/2-1/2

[Event "DEN-ch qual1"]
[Site "Helsingor"]
[Date "2012.04.05"]
[Round "1"]
[White "Grau, Peter"]
[Black "Bonnez, Finn"]
[Result "1/2-1/2"]
[WhiteElo "2034"]
[BlackElo "1926"]
[PlyCount "77"]
[EventDate "2012.04.05"]
[EventType "swiss"]
[EventRounds "5"]
[EventCountry "DEN"]
[SourceTitle "EXT 2018"]
[Source "ChessBase"]
[SourceDate "2017.10.13"]
[SourceVersion "1"]
[SourceVersionDate "2017.10.13"]
[SourceQuality "1"]

1. e4 e5 2. Nf3 d6 3. d4 exd4 4. Nxd4 Nc6 5. Nc3 Be7 6. Be3 Nf6 7. Be2 0-0 8. 0-0 a6 9. f4 Bd7 10. Nb3 Qc8 11. f5 b5 12. a3 Ne5 13. g4 Bc6 14. Nd5 Bxd5 15. exd5 c5 16. a4 c4 17. Na5 Qc7 18. b4 cxb3 19. Nxb3 Nc4 20. Bf2 Ne4 21. Bd4 Bg5 22. Rf3 Rac8 23. axb5 axb5 24. Ra7 Qd8 25. Qe1 Bh4 26. Qb4 Ng5 27. Rd3 Qe8 28. Nc1 Rb8 29. Qc3 f6 30. Bf1 Be1 31. Qa1 Qe4 32. Be2 Bd2 33. h4 Bxc1 34. Qxc1 Qxe2 35. hxg5 Qxg4+ 36. Kh2 Rbe8 37. Qg1 Re2+ 38. Bf2 Qxg1+ 39. Kxg1 1/2-1/2

[Event "Odense Fynsmesterskabet"]
[Site "Odense"]
[Date "2011.06.05"]
[Round "9"]
[White "Almer, Julia"]
[Black "Grau, Peter"]
[Result "0-1"]
[WhiteElo "1949"]
[BlackElo "2101"]
[PlyCount "80"]
[EventDate "2011.06.01"]
[EventType "swiss"]
[EventRounds "9"]
[EventCountry "DEN"]
[SourceTitle "CBM 142 Extra"]
[Source "ChessBase"]
[SourceDate "2011.06.27"]
[SourceVersion "1"]
[SourceVersionDate "2011.06.27"]
[SourceQuality "1"]

1. e4 e5 2. Nf3 Nc6 3. Bb5 a6 4. Ba4 Nf6 5. 0-0 Be7 6. Re1 b5 7. Bb3 d6 8. c3 0-0 9. d3 h6 10. Nbd2 Re8 11. Nf1 Bf8 12. a4 Bb7 13. Ne3 Nb8 14. Nf5 Nbd7 15. N3h4 Nc5 16. Re3 d5 17. Rg3 Kh7 18. Ba2 Ne6 19. Qd2 Ng8 20. Qe2 g6 21. Qg4 Nf6 22. Qh3 Nf4 23. Bxf4 exf4 24. Rf3 g5 25. Nxh6 Bxh6 26. Nf5 Ng8 27. Qh5 Qf6 28. Rh3 c5 29. f3 Rad8 30. Re1 Bc8 31. Nxh6 Nxh6 32. g4 Kg7 33. e5 Qg6 34. Bb1 d4 35. Ba2 Re7 36. e6 f6 37. axb5 axb5 38. cxd4 cxd4 39. Rc1 Rde8 40. Rc5 Bxe6 0-1

[Event "Odense Fynsmesterskabet"]
[Site "Odense"]
[Date "2011.06.04"]
[Round "6"]
[White "Randlov, Carsten"]
[Black "Grau, Peter"]
[Result "0-1"]
[WhiteElo "1863"]
[BlackElo "2101"]
[PlyCount "106"]
[EventDate "2011.06.01"]
[EventType "swiss"]
[EventRounds "9"]
[EventCountry "DEN"]
[SourceTitle "CBM 142 Extra"]
[Source "ChessBase"]
[SourceDate "2011.06.27"]
[SourceVersion "1"]
[SourceVersionDate "2011.06.27"]
[SourceQuality "1"]

1. d4 d5 2. c4 dxc4 3. e3 Nf6 4. Bxc4 e6 5. Nf3 c5 6. 0-0 a6 7. Nc3 b5 8. Be2 Bb7 9. a3 Qc7 10. Ne5 Nc6 11. Nxc6 Bxc6 12. Bf3 Rd8 13. Bxc6+ Qxc6 14. Ne2 Bd6 15. Qc2 0-0 16. dxc5 Qxc5 17. Qxc5 Bxc5 18. b4 Bb6 19. Ra2 Rd6 20. Nf4 Rd7 21. Rd2 Rxd2 22. Bxd2 Ne4 23. Bc1 Rd8 24. Re1 e5 25. Ne2 f6 26. g3 Kf7 27. Kg2 Rd3 28. Kf3 Nd6 29. g4 Ke6 30. Ng3 Nc4 31. Ke2 Rc3 32. Rd1 Rc2+ 33. Kf3 Nd6 34. h4 g6 35. h5 f5 36. hxg6 hxg6 37. gxf5+ gxf5 38. Rh1 f4 39. exf4 Rxf2+ 40. Kg4 exf4 41. Rh6+ Kd5 42. Rxd6+ Kxd6 43. Ne4+ Kd5 44. Nxf2 Bxf2 45. Kxf4 Kd4 46. Kf3 Bh4 47. Ke2 Kc3 48. Kf3 Kc2 49. Be3 Kb3 50. Bc1 Bf6 51. Ke4 Bb2 52. Be3 Kc4 53. Bc5 Bxa3 0-1

[Event "Fyn-ch"]
[Site "Odense"]
[Date "2010.03.18"]
[Round "7"]
[White "Grau, Peter"]
[Black "Jensen, Jens Skjoldborg"]
[Result "1-0"]
[WhiteElo "2102"]
[BlackElo "1765"]
[PlyCount "73"]
[EventDate "2010.01.14"]
[EventType "swiss"]
[EventRounds "7"]
[EventCountry "DEN"]
[SourceTitle "EXT 2018"]
[Source "ChessBase"]
[SourceDate "2017.10.13"]
[SourceVersion "1"]
[SourceVersionDate "2017.10.13"]
[SourceQuality "1"]

1. e4 c5 2. Nf3 Nc6 3. d4 cxd4 4. Nxd4 e5 5. Nb5 a6 6. Nd6+ Bxd6 7. Qxd6 Qf6 8. Qd2 Qg6 9. f3 Nge7 10. c4 d6 11. Bd3 0-0 12. 0-0 f5 13. Nc3 Be6 14. b3 Rad8 15. Bb2 f4 16. Rac1 Qg5 17. Nd5 Nc8 18. Bb1 Bxd5 19. cxd5 N6e7 20. Rc7 b6 21. Bd3 a5 22. Bb5 Ng6 23. Bd7 h5 24. Ba3 h4 25. Rfc1 Nge7 26. Kf1 Qh5 27. Qf2 Rxd7 28. Rxd7 h3 29. Rcc7 Qg5 30. gxh3 Qf6 31. Qg2 b5 32. Qg4 b4 33. Bc1 Ng6 34. Qe6+ Qxe6 35. Rxg7+ Kh8 36. Rh7+ Kg8 37. Rcg7# 1-0

[Event "Fyn-ch"]
[Site "Odense"]
[Date "2010.03.11"]
[Round "6"]
[White "Rasmussen, Jens"]
[Black "Grau, Peter"]
[Result "0-1"]
[WhiteElo "1810"]
[BlackElo "2102"]
[PlyCount "90"]
[EventDate "2010.01.14"]
[EventType "swiss"]
[EventRounds "7"]
[EventCountry "DEN"]
[SourceTitle "EXT 2018"]
[Source "ChessBase"]
[SourceDate "2017.10.13"]
[SourceVersion "1"]
[SourceVersionDate "2017.10.13"]
[SourceQuality "1"]

1. d4 d6 2. Nf3 f5 3. e3 g6 4. Nbd2 Nf6 5. c4 Bg7 6. d5 c6 7. Qb3 Na6 8. dxc6 bxc6 9. Qa4 Nc5 10. Qc2 a5 11. Rb1 0-0 12. Be2 h6 13. Nd4 Qe8 14. Bf3 Bd7 15. 0-0 e5 16. N4b3 Ne6 17. g3 g5 18. Rd1 a4 19. Na1 g4 20. Bg2 d5 21. cxd5 cxd5 22. Nf1 e4 23. Qe2 Bb5 24. Qe1 Bd3 25. Rxd3 exd3 26. Qc3 Qb5 27. Qe5 Rae8 28. Qd6 Rf7 29. Bd2 Ne4 30. Qb4 Rb8 31. Qxb5 Rxb5 32. Bxe4 fxe4 33. b4 Ng5 34. f4 gxf3 35. h4 Nh3+ 36. Kh1 Nf2+ 37. Kg1 Ng4 38. Rc1 Kh7 39. a3 h5 40. Rb1 Ne5 41. Kf2 Nc4 42. Bc1 Rc7 43. g4 hxg4 44. Kg3 Bc3 45. Kxg4 d2 0-1

[Event "Cattolica op"]
[Site "Cattolica"]
[Date "2005.06.19"]
[Round "9"]
[White "Grau, Peter"]
[Black "Solaroli, Riccardo"]
[Result "1-0"]
[WhiteElo "2082"]
[BlackElo "1963"]
[PlyCount "83"]
[EventDate "2005.06.11"]
[EventType "swiss"]
[EventRounds "9"]
[EventCountry "ITA"]
[SourceTitle "EXT 2007"]
[Source "ChessBase"]
[SourceDate "2006.11.23"]
[SourceVersion "1"]
[SourceVersionDate "2006.11.23"]
[SourceQuality "1"]

1. e4 d5 2. exd5 Nf6 3. c4 e6 4. d4 exd5 5. Nc3 Be7 6. Nf3 0-0 7. Bd3 Nc6 8. c5 b6 9. Bb5 Bb7 10. Bxc6 Bxc6 11. b4 Ne4 12. Bb2 Nxc3 13. Bxc3 Bf6 14. 0-0 bxc5 15. bxc5 Bd7 16. Qd3 Qc8 17. Rfe1 Bf5 18. Qe3 Re8 19. Qf4 Rxe1+ 20. Rxe1 Be4 21. Ne5 Qf5 22. Qg3 Bxe5 23. dxe5 Rb8 24. e6 Qg6 25. f3 Qxg3 26. hxg3 Bg6 27. e7 f6 28. Ba5 c6 29. Bc7 Rc8 30. Bd8 Be8 31. Rb1 Kf7 32. Kf2 Ke6 33. Ke3 Ke5 34. Rb4 Ke6 35. f4 f5 36. Kd4 Ra8 37. a4 Rc8 38. Rb7 a6 39. Ra7 Rb8 40. Kc3 d4+ 41. Kc4 Bf7 42. e8R+ 1-0

[Event "Cattolica op"]
[Site "Cattolica"]
[Date "2005.06.16"]
[Round "6"]
[White "Friedrich, Norbert"]
[Black "Grau, Peter"]
[Result "1-0"]
[WhiteElo "2303"]
[BlackElo "2082"]
[PlyCount "109"]
[EventDate "2005.06.11"]
[EventType "swiss"]
[EventRounds "9"]
[EventCountry "ITA"]
[SourceTitle "EXT 2007"]
[Source "ChessBase"]
[SourceDate "2006.11.23"]
[SourceVersion "1"]
[SourceVersionDate "2006.11.23"]
[SourceQuality "1"]

1. e4 e5 2. Nf3 Nc6 3. Bb5 a6 4. Ba4 Nf6 5. d4 b5 6. dxe5 bxa4 7. exf6 Qxf6 8. 0-0 Be7 9. Nc3 Qg6 10. Nxa4 0-0 11. Nc3 d6 12. Nd5 Bd8 13. Re1 Rb8 14. Qd3 Re8 15. Bd2 Bb7 16. Bc3 f6 17. Nh4 Qf7 18. Nf5 Ne5 19. Qg3 Qg6 20. Qf4 Qg5 21. Qxg5 fxg5 22. Rad1 Bc6 23. b3 Kf7 24. h3 Bd7 25. Ng3 Bc6 26. Re3 Kg8 27. Bd4 a5 28. Rc3 Bxd5 29. exd5 Rb5 30. Bxe5 Rxe5 31. Re3 Bf6 32. Rxe5 Bxe5 33. Ne4 a4 34. Nxg5 a3 35. Ne6 Rb8 36. c4 Rc8 37. Nd4 Kf7 38. Kf1 Kg6 39. Nb5 Bb2 40. Re1 Kf6 41. Re6+ Kg5 42. g3 Rf8 43. Kg2 Rf7 44. f3 g6 45. Re8 h5 46. f4+ Kh6 47. h4 Rd7 48. Kf3 Rf7 49. Rc8 Re7 50. Kf2 Bc1 51. Rxc7 Re3 52. Nxa3 Rc3 53. Nb5 Rc2+ 54. Kf3 Rxa2 55. Nxd6 1-0

[Event "Cattolica op"]
[Site "Cattolica"]
[Date "2005.06.15"]
[Round "5"]
[White "Grau, Peter"]
[Black "Sautto, Alessandra"]
[Result "1-0"]
[WhiteElo "2082"]
[BlackElo "1968"]
[PlyCount "147"]
[EventDate "2005.06.11"]
[EventType "swiss"]
[EventRounds "9"]
[EventCountry "ITA"]
[SourceTitle "EXT 2007"]
[Source "ChessBase"]
[SourceDate "2006.11.23"]
[SourceVersion "1"]
[SourceVersionDate "2006.11.23"]
[SourceQuality "1"]

1. e4 d5 2. exd5 Qxd5 3. Nc3 Qe5+ 4. Be2 c6 5. Nf3 Qc7 6. d4 Bf5 7. Bg5 e6 8. Bc4 Be7 9. Bxe7 Nxe7 10. Qd2 Nd7 11. 0-0-0 0-0-0 12. Qg5 Nb6 13. Bb3 Bg6 14. Rhe1 Nbd5 15. Nxd5 Nxd5 16. Qe5 Qxe5 17. Nxe5 Nf6 18. Rd2 Nd7 19. Nf3 Bh5 20. Ng5 h6 21. Ne4 Bg6 22. f3 Kc7 23. Re3 Rhe8 24. f4 Bxe4 25. Rxe4 Nf6 26. Re1 Rd7 27. g3 Red8 28. Ree2 Rxd4 29. Rxd4 Rxd4 30. f5 exf5 31. Re5 Re4 32. Rxf5 Re7 33. Kd1 Rd7+ 34. Ke1 Nd5 35. Bxd5 cxd5 36. Kd2 Kd6 37. Kd3 Ke6 38. Rf1 Re7 39. Re1+ Kd6 40. Rf1 f6 41. Kd2 b5 42. Rf3 Kc5 43. Rc3+ Kd6 44. Rf3 Kc5 45. Ra3 Kb6 46. Rc3 a5 47. Rc8 Re5 48. Kd3 Kb7 49. Rg8 Rg5 50. Kd4 Kc7 51. Kc5 b4 52. Ra8 d4+ 53. Kxd4 Kd6 54. Ra6+ Ke7 55. c4 bxc3 56. bxc3 Kd7 57. c4 Rf5 58. c5 Kc7 59. Rxa5 Rf2 60. h4 Rd2+ 61. Ke4 g5 62. h5 Rh2 63. g4 Rg2 64. Kf5 Rf2+ 65. Kg6 Rf4 66. Kxh6 Rxg4 67. Kg6 Rh4 68. h6 g4 69. Ra4 f5 70. Rf4 g3 71. Rxh4 g2 72. h7 g1Q+ 73. Kf7 Qxc5 74. h8Q 1-0

[Event "Cattolica op"]
[Site "Cattolica"]
[Date "2005.06.12"]
[Round "2"]
[White "Cox, John J"]
[Black "Grau, Peter"]
[Result "1/2-1/2"]
[WhiteElo "2322"]
[BlackElo "2082"]
[PlyCount "80"]
[EventDate "2005.06.11"]
[EventType "swiss"]
[EventRounds "9"]
[EventCountry "ITA"]
[SourceTitle "EXT 2007"]
[Source "ChessBase"]
[SourceDate "2006.11.23"]
[SourceVersion "1"]
[SourceVersionDate "2006.11.23"]
[SourceQuality "1"]

1. d4 d5 2. c4 dxc4 3. Nf3 Nf6 4. e3 e6 5. Bxc4 c5 6. 0-0 a6 7. Qe2 b5 8. Bb3 Nbd7 9. e4 cxd4 10. e5 Nd5 11. Bxd5 exd5 12. Bg5 d3 13. Qxd3 Nc5 14. Qe2 Be7 15. Bxe7 Qxe7 16. Nc3 Be6 17. Rfd1 Rd8 18. b4 Nb7 19. a3 0-0 20. Qe3 Rd7 21. Qa7 Rc8 22. Qe3 Rc4 23. Rd2 Qd8 24. Rad1 a5 25. Rd4 axb4 26. axb4 Qe7 27. Rxc4 bxc4 28. Rb1 Bf5 29. Rb2 Bd3 30. Nd4 Nd8 31. h3 Rb7 32. Nxd5 Qd7 33. Nc3 Ra7 34. Kh2 h6 35. b5 Ra3 36. Nb1 Ra1 37. Nc3 Ra3 38. Nb1 Ra1 39. Nc3 Ra3 40. Nb1 Ra1 1/2-1/2

[Event "Cattolica op"]
[Site "Cattolica"]
[Date "2005.06.11"]
[Round "1"]
[White "Grau, Peter"]
[Black "Russo, Carmelo"]
[Result "1-0"]
[WhiteElo "2082"]
[BlackElo "1763"]
[PlyCount "79"]
[EventDate "2005.06.11"]
[EventType "swiss"]
[EventRounds "9"]
[EventCountry "ITA"]
[SourceTitle "EXT 2007"]
[Source "ChessBase"]
[SourceDate "2006.11.23"]
[SourceVersion "1"]
[SourceVersionDate "2006.11.23"]
[SourceQuality "1"]

1. e4 c5 2. Nf3 d6 3. d4 Nf6 4. Nc3 cxd4 5. Nxd4 g6 6. Be3 Bg7 7. f3 0-0 8. Qd2 Nc6 9. Bc4 Bd7 10. 0-0-0 Rb8 11. g4 Ne5 12. Bb3 b5 13. Bh6 a5 14. Bxg7 Kxg7 15. Nd5 Nxd5 16. Bxd5 Qb6 17. h4 e6 18. h5 Nc4 19. Bxc4 bxc4 20. c3 Kg8 21. Rh2 a4 22. Qh6 a3 23. hxg6 Qxb2+ 24. Rxb2 axb2+ 25. Kb1 fxg6 26. Rh1 Rf7 27. Rh2 e5 28. Nc2 Bxg4 29. Nb4 Bxf3 30. Kxb2 Bxe4 31. Qh4 Bd3 32. Rf2 Rfb7 33. Qf6 e4 34. Qe6+ Kg7 35. Qf6+ Kg8 36. Qxd6 Rb6 37. Qd5+ Kg7 38. a4 Rxb4+ 39. cxb4 Rxb4+ 40. Kc3 1-0